=LDR 00000nam 2200000 4500 =001 INLIS000000000008831 =005 20130612100643 =008 ***********************************Ind** =035 ##$$0010-061300000008831 =041 ##$$a Ind =082 ##$$a F rom D =090 ##$$a f Rom D Les h =100 ##$$a Lestari, V =245 ##$$a Kalau Cinta Hanya Di Bibir =260 ##$$a 2002 $b Jakarta =300 ##$$a 527 hlm, 12 cm =650 ##$$a Fiksi Dewasa - Indonesa =850 ##$$a NBPNMAT